Geography Quiz

Random Geography or Asia Quiz

The Japan Quiz Stats

 Plays Quiz Updated Aug 2, 2018

Challenge
Share
Tweet
Embed
Score 0/50 Timer 07:00
12 Plays Today
Hint Answer % Correct
Flag ColorRed
98.8%
Flag ColorWhite
98.5%
Official NameJapan
97.3%
Capital CityTokyo
95.8%
Official LanguageJapanese
92.2%
Nationality (Demonym)Japanese
92.2%
CurrencyJapanese Yen
89.2%
Bordering OceanPacific Ocean
87.2%
First City to Suffer Atomic BombingHiroshima
86.9%
Traditional Dish: Rice Wrapped In SeaweedSushi
84.9%
Drives On The...Left
82.9%
Age of Suffrage20
82.7%
Second City to Suffer Atomic BombingNagasaki
82%
Major ReligionBuddhism
77.6%
Highest Point (3,776 m)Mt. Fuji
74.3%
Former Imperial CapitalKyoto
70.7%
Internet Country Code.jp
68.9%
Third Largest CityOsaka
66.8%
Traditional Form of PoetryHaiku
65.3%
Most Popular SportBaseball
63.9%
Major ReligionShinto
63.7%
Traditional Formal ClothingKimono
63.7%
Main IslandHonshu
62.7%
Main IslandHokkaido
59.5%
Traditional Dish: Raw FishSashimi
52.8%
Hint Answer % Correct
National SportSumo Wrestling
52.6%
Olympics Host Year(s)1964, 1972, 1998, 2020
51.8%
Bordering SeaSea of Japan
49.5%
NicknameLand of the Rising Sun
48.2%
World Cup Host Year2002
47.9%
Prime MinisterShinzō Abe
46.1%
Main IslandKyushu
44.6%
National FlowerCherry Blossom
44.1%
Second Largest CityYokohama
42.6%
Number of Prefectures47
42.4%
Traditional Form of TheaterKabuki
40.7%
Main IslandShikoku
34.6%
MonarchEmperor Akihito
32.1%
Traditional Form of TheaterNoh
30.1%
Constitutional Article Denouncing WarArticle 9
29%
Name of ParliamentDiet
25.7%
Constitution Memorial DayMay 3, 1947
25.4%
Bordering SeaEast China Sea
24.7%
Recognized Indigenous GroupAinu
22.2%
Floral Imperial SymbolChrysanthemum
22.1%
National AnthemKimi Ga Yo
19%
1860s Political and Social RevolutionMeiji Restoration
16.9%
Southern Island ChainRyukyu Islands
15.5%
Monarchical ResidenceTokyo Imperial Palace
15.5%
Bordering SeaSea of Okhotsk
15.3%

You're not logged in!

Compare scores with friends on all Sporcle quizzes.
Join for Free
OR
Log In

You Might Also Like...

Show Comments

Extras

Top Quizzes Today


Score Distribution

Your Account Isn't Verified!

In order to create a playlist on Sporcle, you need to verify the email address you used during registration. Go to your Sporcle Settings to finish the process.

Report this User

Report this user for behavior that violates our Community Guidelines.

Details: